| 000 | 01343nam a2200325 i 4500 | ||
|---|---|---|---|
| 001 | 768714001 | ||
| 003 | CO-MdFUSB | ||
| 005 | 20240726091632.0 | ||
| 007 | ta | ||
| 008 | 990302t1999 -us b 001 | eng | ||
| 020 | _a1563382830 | ||
| 040 |
_aDLC _cCO-MdFUSB _dCO-MdFUSB _bspa _erda |
||
| 041 | _aeng | ||
| 082 |
_223 _a220.13 _bK29p |
||
| 100 | 1 |
_aKelsey, David H. _eautor |
|
| 240 | 1 | 0 | _aUses of Scripture in recent theology |
| 245 | 1 | 0 |
_aProving doctrine : _bthe uses of Scripture in modern theology / _cDavid H. Kelsey. |
| 264 | 1 |
_aHarrisburg, Pa. : _bTrinity Press International, _c[1999] |
|
| 264 | 4 | _c© 1999 | |
| 300 |
_a227 páginas ; _c22 cm. |
||
| 336 |
_2rdacontent _atexto _btxt |
||
| 337 |
_2rdamedia _asin mediación _bn |
||
| 338 |
_2rdacarrier _avolumen _bnc |
||
| 505 |
_gParte I: _tConstruyendo el texto: _aProbando la doctrina. --Doctrina y concepto. -- Consideración y presencia. -- Acontecimiento y expresión. -- Sagrada escritura. _gParte II: _tUsando el texto: _aAutoridad y argumentos. -- Autoridad. _gParte III: _tTeología y escritura: _aLas decisiones de los teólogos sobre las Escrituras. -- Autoridad y función. -- Algunas moralejas para doctrinas sobre las Escrituras. |
||
| 563 | _aRustico | ||
| 650 | 7 |
_aTeología doctrinal _9179 |
|
| 942 | _cBK | ||
| 945 | _aMag1104 | ||
| 999 |
_c68936 _d68936 |
||